| 000 | 00000nam##2200000za#4500 |
| 001 | 9.641822 |
| 003 | CaOODSP |
| 005 | 20210624223413 |
| 007 | cr ||||||||||| |
| 008 | 150407|1998||||xxc|||||o f|0| 0 fre|d |
| 040 | |aCaOODSP|bfre |
| 043 | |an-cn--- |
| 086 | 1 |aRH64-36/1998F-PDF |
| 110 | 1 |aCanada.|bDéveloppement des ressources humaines Canada. |
| 245 | 10|aLes motifs de cessation d'emploi ont-ils de l'importance? : |h[ressource électronique]|bl’assurance-emploi et les départs volontaires au Canada - rapport final / |c[par] Peter Kuhn et Arthur Sweetman. |
| 260 | |aOttawa - Ontario : |bDéveloppement des ressources humaines Canada |cAoût 1998. |
| 300 | |a45p.|bréférences, tableaux |
| 590 | |a13-12-Supp|b2013-05-10 |
| 691 | 07|aChômage|2gcpds |
| 775 | 08|tDo labels matter? : |w(CaOODSP)9.697777 |
| 856 | 40|ahttp://publications.gc.ca|qPDF|s107 Ko|uhttps://publications.gc.ca/collections/collection_2013/rhdcc-hrsdc/RH64-36-1998-fra.pdf |
| 986 | |aSP-AH057F-08-98 |